Catalog

Record Details

Catalog Search



Available copies

  • 2 of 2 copies available at LARL/NWRL Consortium. (Show)
  • 2 of 2 copies available at Northwest Regional Library.

Current holds

0 current holds with 2 total copies.

Show Only Available Copies
Location Call Number / Copy Notes Barcode Shelving Location Status Due Date
Roseau Public Library e BAR (Text) 35500004882401 Main Available -
Warroad Public Library e BAR (Text) 35500004206338 Main Available -

Record details

  • ISBN: 9780805081046 (hardcover : alk. paper)
  • ISBN: 0805081046 (hardcover : alk. paper)
  • Physical Description: p. cm.
  • Edition: 1st ed.
  • Publisher: New York : Henry Holt, 2007.

Content descriptions

Summary, etc.:
When clever Aunt Ant moves to the zoo, she ... Read More
Subject: English language > Homonyms > Fiction.
Zoo animals > Fiction.
LDR 01520cam a22003618a 4500
00184656
003LARL_NWRL_CONSORTIUM
00520071001134233.0
008061006s2007 nyu b 000 1 eng
010 . ‡a2006031369
020 . ‡a9780805081046 (hardcover : alk. paper)
020 . ‡a0805081046 (hardcover : alk. paper)
035 . ‡a(OCoLC)76863898
040 . ‡aDLC ‡cDLC ‡dBTCTA ‡dBAKER
042 . ‡alcac
08200. ‡a[E] ‡222
1001 . ‡aBarretta, Gene. ‡0(LARL_NWRL_CONSORTIUM)189117
24510. ‡aDear deer : ‡ba book of homophones / ‡cGene Barretta.
2463 . ‡aBook of homophones
250 . ‡a1st ed.
260 . ‡aNew York : ‡bHenry Holt, ‡c2007.
300 . ‡ap. cm.
520 . ‡aWhen clever Aunt Ant moves to the zoo, she describes the quirky animal behavior she observes by speaking in homophones, from the moose who loved mousse to the fox who blew blue bubbles.
650 1. ‡aEnglish language ‡xHomonyms ‡vFiction.
650 1. ‡aZoo animals ‡vFiction.
901 . ‡a84656 ‡bOCLC ‡c84656 ‡tbiblio

Additional Resources